| 000 | 01849nam a2200397 c 4500 | ||
|---|---|---|---|
| 003 | BLK | ||
| 005 | 20180422104434.0 | ||
| 008 | 180408b bul|||||r ||||||| ||bul|| | ||
| 010 | _aKNG00092667000 | ||
| 020 |
_a978-954-09-0201-2 _bиздат.: Захарий Стоянов |
||
| 040 | _aBLK | ||
| 041 |
_aBUL _cBUL |
||
| 080 |
_aПсихологически системи и учения. Вж и 159.964.2 _b159.9.019 _x(494)(092) _z159.9.019(494)(092) |
||
| 080 |
_aБезсъзнателно и подсъзнателно _b159.964 _x(494)(092) _z159.964(494)(092) |
||
| 080 |
_aШвейцарски психолог и психиатър, ученик на Зигмунд Фройд _b929 Юнг, Карл Густав _x _z929 Юнг, Карл Густав |
||
| 100 | 1 |
_aСтивънс, Антъни _eпърви автор _9302978 |
|
| 700 | 1 |
_aГанев, Владимир Цонев _eпрев. от англ. _9366132 |
|
| 139 |
_aСтивънс, Антъни _bС 76 |
||
| 245 | 1 | 0 |
_aЮнг _bКратко въвед. _cАнтъни Стивънс; прев. от англ. Владимир Цонев Ганев. |
| 257 | _aUSA | ||
| 260 |
_аСофия _bЗахарий Стоянов _c2008 _fЯмбол : Светлина |
||
| 300 |
_a319 с. _bс ил. _c17 см |
||
| 380 | _a1 | ||
| 490 | 1 | _aМалка оксфордска библиотека | |
| 500 | _aОриг. загл. Jung / Anthony Stevens. - Азб. показалец | ||
| 600 | 1 | 4 |
_aЮнг, Карл Густав _9364054 |
| 650 | 4 |
_aПсихолози, швейцарски _9252354 |
|
| 653 | _aшвейцарски психоаналитици | ||
| 653 | _aбиографии | ||
| 653 | _aКарл Густав Юнг | ||
| 852 | _aЦб І 33458 | ||
| 856 | 4 |
_qpdf _u |
|
| 856 | 4 |
_qpdf _u |
|
| 942 |
_cKNG _n0 |
||
| 944 |
_aCR _c18.11.2009 _kВаля_Йорданова |
||
| 944 |
_aED _c18.11.2009 _k |
||
| 999 |
_c88012 _d88012 |
||